Zoogdieren van Nederland - Statistieken

Algemene statistieken
  • Deze quiz is 7 keer genomen
  • De gemiddelde score is 25 van 57
Antwoordstatistieken
Vleermuizen % Correct
Haas
100%
Ree
100%
Vos
100%
Wolf
100%
Boommarter
80%
Bosmuis
80%
Bunzing
80%
Edelhert
80%
Gewone grootoorvleermuis
80%
Hermelijn
80%
Steenmarter
80%
Wilde kat
80%
Wild zwijn
80%
Bever
60%
Das
60%
Egel
60%
Gewone dwergvleermuis
60%
Huismuis
60%
Laatvlieger
60%
Mol
60%
Otter
60%
Veldmuis
60%
Wezel
60%
Aardmuis
40%
Bruinvis
40%
Eekhoorn
40%
Gewone zeehond
40%
Meervleermuis
40%
Rosse vleermuis
40%
Tweekleurige vleermuis
40%
Waterspitsmuis
40%
Watervleermuis
40%
Wisent
40%
Baardvleermuis
20%
Dwergmuis
20%
Dwergspitsmuis
20%
Eikelmuis
20%
Franjestaart
20%
Gewone bosspitsmuis
20%
Grijze grootoorvleermuis
20%
Grijze zeehond
20%
Grote bosmuis
20%
Hamster
20%
Hazelmuis
20%
Huisspitsmuis
20%
Kleine dwergvleermuis
20%
Rosse woelmuis
20%
Ruige dwergvleermuis
20%
Veldspitsmuis
20%
Witsnuitdolfijn
20%
Bosvleermuis
0%
Ingekorven vleermuis
0%
Noordse woelmuis
0%
Ondergrondse woelmuis
0%
Tweekleurige bosspitsmuis
0%
Vale vleermuis
0%
Woelrat
0%
Geen overeenkomende quizzen gevonden
Scoreverdeling
Procent van Mensen met Elke Score
Percentiel versus Aantal Correcte Antwoorden
Uw Scoregeschiedenis
U heeft deze quiz nog niet genomen